[Event "Continental Class Ch"]
[Site "Arlington USA"]
[Date "2010.10.10"]
[Round "7"]
[White "Stripunsky,A"]
[Black "Shabalov,A"]
[Result "0-1"]
[WhiteElo "2583"]
[BlackElo "2589"]

1.e4 c5 2.c3 Nf6 3.e5 Nd5 4.Nf3 e6 5.Bc4 Nc6 6.O-O d6 7.d4 Nb6 8.Bd3 cxd4
9.cxd4 dxe5 10.dxe5 Nd7 11.Bb5 Be7 12.Nc3 O-O 13.Qe2 Qc7 14.Bf4 a6 15.Bxc6 Qxc6
16.Rac1 b5 17.Ne4 Qb7 18.Rfd1 Nb6 19.Bg5 Nd5 20.Rd4 Bxg5 21.Nfxg5 h6 22.Nc5 Qc7
23.Nb3 Qb8 24.Nh3 Ra7 25.Nf4 Nxf4 26.Rxf4 Bb7 27.Qh5 f5 28.Qe2 Be4 29.Rh4 Qxe5
30.f3 Qf6 31.Qf2 Bd5 32.Rd4 Raa8 33.Nc5 Rfc8 34.a3 Bxf3 35.Rc3 Bd5 36.b4 Rd8
37.Rcd3 Bc4 38.Rd2 Rxd4 39.Rxd4 Rd8 40.Rxd8+ Qxd8  0-1

[Event "I Memorial Oliver Gonzalez"]
[Site "Madrid ESP"]
[Date "2010.10.10"]
[Round "2"]
[White "Sierra Bermejo,G"]
[Black "Garcia Cuenca,V"]
[Result "0-1"]
[WhiteElo "1737"]
[BlackElo "2313"]

1.e4 c5 2.c3 Nf6 3.e5 Nd5 4.d4 cxd4 5.Nf3 e6 6.cxd4 Nc6 7.a3 d6 8.Be2 Be7
9.O-O O-O 10.Re1 b6 11.Bd2 Bb7 12.Nc3 Nxc3 13.Bxc3 Qc7 14.Rc1 Rfd8 15.Qa4 a6
16.Qb3 b5 17.Qc2 Qb6 18.Bd3 g6 19.Qd2 b4 20.axb4 dxe5 21.Nxe5 Nxe5 22.Rxe5 Bf6
23.Rh5 gxh5 24.Qh6 Bg7 25.Bxh7+ Kf8 26.Qxh5 Rd5 27.Qg4 Qd8 28.Qf4 Qg5  0-1

[Event "4NCL Individual Rapid"]
[Site "Newport Pagnell ENG"]
[Date "2010.10.10"]
[Round "8"]
[White "Buckley,D"]
[Black "Moskovic,D"]
[Result "1-0"]
[WhiteElo "2237"]
[BlackElo "2293"]

1.e4 c5 2.c3 Nf6 3.e5 Nd5 4.d4 cxd4 5.Nf3 e6 6.cxd4 d6 7.Bc4 Be7 8.O-O O-O
9.Bd2 Nb6 10.Bb3 dxe5 11.dxe5 Nc6 12.Qe2 Nd4 13.Nxd4 Qxd4 14.Nc3 Bd7 15.Rad1 Qh4
16.Be3 Bc6 17.Rd4 Qxd4 18.Bxd4 Rfd8 19.Be3 Nd7 20.f4 a5 21.Ba4 Rac8 22.Bxc6 Rxc6
23.Rd1 g6 24.Qb5 Rc7 25.Qxa5 b6 26.Qb5 Kg7 27.a4  1-0

[Event "I Memorial Oliver Gonzalez"]
[Site "Madrid ESP"]
[Date "2010.10.12"]
[Round "4"]
[White "Bolea Jover,J"]
[Black "Semprun Martinez,F"]
[Result "1/2-1/2"]
[WhiteElo "1909"]
[BlackElo "2173"]

1.e4 c5 2.c3 Nf6 3.e5 Nd5 4.d4 cxd4 5.Nf3 Nc6 6.cxd4 g6 7.Bc4 Nb6 8.Bb3 Bg7
9.O-O O-O 10.Re1 d6 11.exd6 Qxd6 12.Be3 Bg4 13.Nc3 Rad8 14.h3 Bxf3 15.Qxf3 Qb4
16.d5 Na5 17.Bxb6 axb6 18.Re4 Qc5 19.Rae1 Bf6 20.R4e2 Nxb3 21.axb3 Kg7 22.Rd1 Bxc3
23.Qxc3+ Qxc3 24.bxc3 Rd7 25.Rde1 Kf6 26.c4 Rc8 27.f4 b5 28.Re4 Rc5 29.Rb1 Rdc7
30.g3 b4 31.Rd1 b5 32.d6 exd6 33.Rxd6+ Kg7 34.cxb5 Rxb5 35.Rdd4 Rc3 36.Rxb4 Rxg3+
37.Kh2 Rxb4 38.Rxb4 Rd3 39.Rb8 Rf3 40.Rb4 h5 41.Kg2 Rd3 42.Rb7 h4 43.Rb5 Rg3+
44.Kh2 Rf3 45.Rb4 Kf6 46.Kg2 Rg3+ 47.Kh2 Kf5 48.Rb7 f6 49.Rh7 Rxb3 50.Rxh4 Rf3
51.Kg2 Rxf4 52.Rh8 Ra4 53.h4 Ra2+ 54.Kg3 Ra3+ 55.Kg2 Kf4 56.Rg8 Rg3+ 57.Kh2 Rg4
58.Kh3 f5 59.Rg7 Kf3 60.Rg8 f4 61.Rg7 Rg3+ 62.Kh2 Kf2 63.Ra7 Kf3 64.Rg7 Rg2+
65.Kh3 Kf2 66.Ra7 Rg3+ 67.Kh2 Rg2+ 68.Kh3 f3 69.Ra2+ Ke3 70.Rxg2 fxg2 71.Kxg2 Kf4
72.h5 gxh5 73.Kh1 Kg3 74.Kg1 h4 75.Kh1 h3 76.Kg1 h2+ 77.Kh1 Kh3  1/2-1/2

[Event "Guernsey Open"]
[Site "Grand Havre Bay GBG"]
[Date "2010.10.19"]
[Round "3"]
[White "Goris,T"]
[Black "Gravett,A"]
[Result "1-0"]
[WhiteElo "2044"]
[BlackElo "1913"]

1.e4 c5 2.c3 Nf6 3.e5 Nd5 4.d4 e6 5.Nf3 Nc6 6.c4 Ndb4 7.dxc5 Bxc5 8.a3 Qb6
9.axb4 Bxf2+ 10.Ke2 Nxb4 11.Nc3 a5 12.Ne4 Bc5 13.Nxc5 Qxc5 14.b3 b5 15.Be3 Qc7
16.cxb5 Bb7 17.Kf2 Nc2 18.Rc1 Nxe3 19.Kxe3 Bxf3 20.gxf3 Qxe5+ 21.Kf2 O-O
22.Qe2 Qg5 23.Qe3 Qh4+ 24.Kg2 Rfc8 25.Bd3  1-0

[Event "WY Boys-U12"]
[Site "Porto Carras GRE"]
[Date "2010.10.20"]
[Round "1.16"]
[White "Kelires,Andreas"]
[Black "Tatekhin,V"]
[Result "0-1"]
[WhiteElo "1733"]
[BlackElo "2113"]

1.e4 c5 2.c3 Nf6 3.e5 Nd5 4.Nf3 Nc6 5.Bc4 e6 6.O-O Nb6 7.Bb3 d6 8.d4 cxd4
9.cxd4 Be7 10.Nc3 O-O 11.Qe2 d5 12.Bc2 Bd7 13.Qd3 g6 14.a3 Re8 15.Qe3 f5
16.Qh6 Rf8 17.Ng5 Bxg5 18.Bxg5 Qb8 19.Bf6 Rf7 20.Rfd1 Qf8 21.Qh4 h6 22.f4 Be8
23.Qg3 Rh7 24.Qf3 Nd7 25.Bh4 Bf7 26.Kh1 Rg7 27.g4 g5 28.Bg3 fxg4 29.Qe2 Bh5
30.fxg5 hxg5 31.Rf1 Qe7 32.Rad1 Rf8 33.Rxf8+ Qxf8 34.Rf1 Rf7 35.Rd1 Rf3 36.Kg2 Nb6
37.Qd2 Qg7 38.b3 Bg6 39.Nb5 Be4 40.Bxe4 dxe4 41.Nd6 Nd5 42.Re1 e3 43.Qd3 Qh7
44.Qxh7+ Kxh7 45.h3 Nxd4 46.hxg4 e2 47.Bf2 Nf4+  0-1

[Event "32nd Open"]
[Site "Arco ITA"]
[Date "2010.10.22"]
[Round "7"]
[White "Nemeth,Ge"]
[Black "Billio,A"]
[Result "1/2-1/2"]
[WhiteElo "1889"]
[BlackElo "2138"]

1.e4 c5 2.c3 Nf6 3.e5 Nd5 4.d4 cxd4 5.cxd4 e6 6.Nc3 Nxc3 7.bxc3 Qc7 8.Bd2 b6
9.Nf3 d6 10.Bd3 Be7 11.O-O O-O 12.Ng5 Bxg5 13.Bxg5 dxe5 14.dxe5 Ba6 15.Be4 Bxf1
16.Bf6 gxf6 17.Qh5 f5 18.Qg5+ Kh8 19.Qf6+ Kg8 20.Qg5+ Kh8 21.Qf6+ Kg8 22.Qg5+  1/2-1/2

[Event "Liberec Open"]
[Site "Liberec CZE"]
[Date "2010.10.23"]
[Round "1"]
[White "Szablowski,P"]
[Black "Peniska,P"]
[Result "1-0"]
[WhiteElo "2278"]
[BlackElo "1959"]

1.e4 c5 2.c3 Nf6 3.e5 Nd5 4.Nf3 e6 5.d4 cxd4 6.cxd4 Bb4+ 7.Bd2 Qa5 8.Bc4 Nc6
9.O-O Nce7 10.a3 Bxd2 11.Nbxd2 b5 12.Bd3 f5 13.Nb3 Qb6 14.Nc5 O-O 15.Qd2 h6
16.Rfc1 a6 17.a4 Rb8 18.axb5 axb5 19.Ra5 b4 20.Raa1 d6 21.exd6 Qxd6 22.Re1 Nc6
23.Bc4 Kh7 24.Ne5 Nce7 25.Bb3 Nc6 26.Rac1 Na5 27.Ba2 Nf6 28.Qd3 g6 29.Bxe6 Bxe6
30.Nxe6 Qxe6 31.Nxg6 Ne4 32.Nxf8+ Rxf8 33.f3 Qb3 34.Rc7+ Kg6 35.Qxb3 Nxb3
36.fxe4 Nxd4 37.Rd7 Nc2 38.exf5+ Rxf5 39.Re6+ Kg5 40.Rg7+ Kf4 41.Rc7 Ne3
42.h3 h5 43.Rd7 Nd5 44.Re1 Kg5 45.g3 Nf6 46.Rd4 Rb5 47.Re3 Kf5 48.Rf4+ Kg5
49.h4+ Kg6 50.Re6 Rf5 51.Rxf5 Kxf5 52.Rb6 Nd5 53.Rh6 Nf6 54.Kg2 Ke5 55.Kf3 Nd5
56.Rxh5+ Kd4 57.Rxd5+  1-0

[Event "32nd Open"]
[Site "Arco ITA"]
[Date "2010.10.24"]
[Round "9"]
[White "Casagrande,F"]
[Black "Maurer,F"]
[Result "1/2-1/2"]
[WhiteElo "2010"]
[BlackElo "2156"]

1.e4 c5 2.c3 Nf6 3.e5 Nd5 4.g3 d6 5.exd6 Qxd6 6.Bg2 Nc6 7.Na3 e6 8.Ne2 Be7
9.d4 cxd4 10.Nb5 Qd8 11.Nbxd4 Nxd4 12.Nxd4 O-O 13.O-O Qb6 14.Qb3 Bc5 15.Rd1 Ne7
16.Qxb6 Bxb6 17.c4 e5 18.Nb5 Nc6 19.Nd6 Rd8 20.Bg5 f6 21.Bd5+ Kf8 22.Nxc8 Raxc8
23.Be3 Nd4 24.Kg2 Nc2 25.Bxb6 axb6 26.Rac1 Nb4 27.Bxb7 Rxd1 28.Rxd1 Rxc4
29.a3 Nc2 30.Rd6 b5 31.Rd5 Nd4 32.Ba6 Rc2 33.Bxb5  1/2-1/2

[Event "WY Boys-U18"]
[Site "Porto Carras GRE"]
[Date "2010.10.24"]
[Round "5.12"]
[White "Nuber,B"]
[Black "Espinosa Aranda,A"]
[Result "0-1"]
[WhiteElo "2243"]
[BlackElo "2403"]

1.e4 c5 2.c3 Nf6 3.e5 Nd5 4.d4 cxd4 5.Nf3 e6 6.cxd4 d6 7.Be2 Nc6 8.O-O Be7
9.Qb3 O-O 10.Bd2 Qc7 11.Nc3 dxe5 12.dxe5 Rd8 13.Rac1 Qb8 14.Rfd1 Nxc3 15.Bxc3 Bd7
16.Bd3 Be8 17.Qc4 Rd5 18.Qe4 g6 19.Bc2 Rxd1+ 20.Rxd1 Qc7 21.a3 Rd8 22.Rxd8 Qxd8
23.h4 b5 24.h5 a5 25.hxg6 hxg6 26.b4 axb4 27.axb4 Qd5 28.Qg4 Qa2 29.Qe4 Qa3
30.Bd2 Bxb4 31.Bg5 Be7 32.Qh4 Bxg5 33.Nxg5 Qa1+ 34.Bb1 Qxb1+ 35.Kh2 Qf5 36.Nh7 Kg7
37.g4 Qf4+ 38.Kh3 Qf3+ 39.Kh2 Nxe5  0-1

[Event "WY Boys-U16"]
[Site "Porto Carras GRE"]
[Date "2010.10.27"]
[Round "8.5"]
[White "Abasov,N"]
[Black "Meskovs,N"]
[Result "1-0"]
[WhiteElo "2517"]
[BlackElo "2263"]

1.e4 c5 2.c3 Nf6 3.e5 Nd5 4.Nf3 e6 5.d4 cxd4 6.cxd4 b6 7.Bd3 Bb7 8.O-O d6
9.Nc3 Nxc3 10.bxc3 Nd7 11.Bf4 Qc7 12.Re1 Be7 13.Re3 O-O-O 14.exd6 Bxd6 15.Bxd6 Qxd6
16.a4 g5 17.Nxg5 Rdg8 18.Rg3 Qe7 19.Qh5 Rg7 20.a5 Rhg8 21.Nh3 f5 22.axb6 axb6
23.Qe2 Nf6 24.Nf4 Ne4 25.Bxe4 fxe4 26.Qc4+ Kb8 27.Qxe6 Qxe6 28.Nxe6 Rxg3
29.hxg3 e3 30.Re1 exf2+ 31.Kxf2  1-0

[Event "WY Boys-U14"]
[Site "Porto Carras GRE"]
[Date "2010.10.27"]
[Round "8.6"]
[White "Ynojosa,F"]
[Black "Vaibhav,S"]
[Result "0-1"]
[WhiteElo "2229"]
[BlackElo "2418"]

1.e4 c5 2.c3 Nf6 3.e5 Nd5 4.d4 cxd4 5.cxd4 e6 6.Nc3 Nxc3 7.bxc3 d6 8.f4 Qc7
9.Bd2 g5 10.Nf3 gxf4 11.Rc1 Nc6 12.Bxf4 dxe5 13.Bxe5 Nxe5 14.Nxe5 a6 15.Bd3 Bd6
16.Qa4+ Ke7 17.O-O f6 18.Nf3 Bd7 19.Qb3 Rae8 20.c4 Rhg8 21.Rfe1 Kf8 22.Rc2 Rg7
23.c5 Bf4 24.Bc4 Rge7 25.g3 Bh6 26.Rce2 e5 27.Qb4 Bg4 28.Bd5 Rd8 29.dxe5 f5
30.h3 a5 31.Qc3 Rxd5 32.hxg4 fxg4 33.Nd4 Qxc5 34.Qxc5 Rxc5 35.Nf5 Re6 36.Rh2 Rc1
37.Rxc1 Bxc1 38.Rxh7 Rxe5 39.Nd6 b6 40.Rf7+ Kg8 41.Rf1 Be3+ 42.Kh1 Bc5 43.Nf5 Kh7
44.a4 Re4 45.Ra1 Kg6 46.Nh4+ Kf6 47.Ng2 Ke5 48.Nf4 Kd4 49.Rc1 Ke3 50.Rc3+ Kd2
51.Rd3+ Kc2 52.Rd5 Rxa4 53.Kg2 Rd4 54.Rg5 Rd2+ 55.Kf1 a4 56.Ne6 a3 57.Nxc5 a2  0-1

[Event "20th World Seniors"]
[Site "Arco ITA"]
[Date "2010.10.28"]
[Round "3"]
[White "De Polzer,M"]
[Black "Wintner,I"]
[Result "0-1"]
[WhiteElo "1809"]
[BlackElo "2024"]

1.e4 c5 2.c3 Nf6 3.e5 Nd5 4.d4 cxd4 5.cxd4 e6 6.Nf3 Nc6 7.Bd2 Qb6 8.Bc3 Nxc3
9.Nxc3 Qxb2 10.Qc1 Ba3 11.Kd1 Qxc1+ 12.Rxc1 Bxc1 13.Kxc1 O-O 14.Nb5 f6 15.Nd6 fxe5
16.dxe5 a5 17.a4 b6 18.Bb5 Ba6 19.Rd1 Rxf3 20.gxf3 Nxe5 21.f4 Bxb5 22.axb5 Ng6
23.f5 exf5 24.Nxf5 Rc8+ 25.Kb2 Rc5 26.Nd6 Ne5 27.Kb3 Nf7 28.Nxf7 Rxb5+ 29.Ka3 Kxf7
30.Rxd7+ Kf6 31.Rd6+ Ke7 32.Rd3 Ke6 33.f4 Rb4  0-1

[Event "11th Liberec Open"]
[Site "Liberec CZE"]
[Date "2010.10.28"]
[Round "6"]
[White "Scerba,J"]
[Black "Horak,K1"]
[Result "1-0"]
[WhiteElo "1913"]
[BlackElo "1786"]

1.e4 c5 2.c3 Nf6 3.e5 Nd5 4.d4 cxd4 5.Qxd4 e6 6.Nf3 Nc6 7.Qg4 d6 8.Bb5 dxe5
9.Nxe5 Bd7 10.Bxc6 bxc6 11.O-O h5 12.Qg3 Qc7 13.c4 Ne7 14.Nxf7 Qxg3 15.fxg3 Rg8
16.Nd6+ Kd8 17.Bg5 a5 18.Nc3 Ra7 19.Nce4  1-0

[Event "WY Boys-U12"]
[Site "Porto Carras GRE"]
[Date "2010.10.28"]
[Round "9.5"]
[White "Ali Marandi,C"]
[Black "Beker,Ziv"]
[Result "1-0"]
[WhiteElo "2180"]
[BlackElo "1936"]

1.e4 c5 2.c3 Nf6 3.e5 Nd5 4.d4 e6 5.Nf3 cxd4 6.cxd4 d6 7.Bc4 Nb6 8.Bd3 Nc6
9.O-O Be7 10.a3 O-O 11.Nc3 dxe5 12.dxe5 Nd5 13.Bd2 Nxc3 14.Bxc3 b6 15.Qc2 g6
16.Rfd1 Qc7 17.Bb4 Bb7 18.Bd6 Bxd6 19.exd6 Qd7 20.Bb5 a6 21.Ne5 Nd4 22.Bxd7 Nxc2
23.Rac1 Be4 24.Bc6  1-0

[Event "20th World Seniors"]
[Site "Arco ITA"]
[Date "2010.10.29"]
[Round "4"]
[White "Welz,P"]
[Black "Plachetka,J"]
[Result "0-1"]
[WhiteElo "2156"]
[BlackElo "2345"]

1.e4 c5 2.c3 Nf6 3.d3 Nc6 4.f4 d5 5.e5 Nd7 6.Nf3 e6 7.g3 Be7 8.Bh3 g6 9.O-O b5
10.d4 a5 11.Be3 b4 12.Nbd2 Ba6 13.Rf2 Rb8 14.Nf1 Qb6 15.Kh1 h5 16.Ng5 bxc3
17.bxc3 cxd4 18.cxd4 Bxg5 19.fxg5 O-O 20.Bg2 Ne7 21.g4 hxg4 22.Qxg4 Nf5 23.Qh3 Rfc8
24.Rxf5 exf5 25.Bg1 Qb2 26.Re1 Rc1 27.Rxc1 Qxc1 28.Qh6 Bxf1 29.Bxd5 Nf8 30.e6 fxe6
31.Bxe6+ Nxe6 32.Qxg6+ Ng7  0-1

[Event "11th Liberec Open"]
[Site "Liberec CZE"]
[Date "2010.10.29"]
[Round "8"]
[White "Pedersen,HB"]
[Black "Cakl,Z"]
[Result "1/2-1/2"]
[WhiteElo "2144"]
[BlackElo "2114"]

1.e4 c5 2.c3 Nf6 3.e5 Nd5 4.Nf3 d6 5.d4 cxd4 6.Qxd4 e6 7.Bb5+ Bd7 8.Bxd7+ Qxd7
9.O-O Nc6 10.Qe4 dxe5 11.Nxe5 Nxe5 12.Qxe5 Bd6 13.Qe2 Qc6 14.Nd2 O-O  1/2-1/2

[Event "WY Girls-U12"]
[Site "Porto Carras GRE"]
[Date "2010.10.29"]
[Round "10.9"]
[White "Vidic,Teja"]
[Black "Paramzina,A"]
[Result "1/2-1/2"]
[WhiteElo "1767"]
[BlackElo "1830"]

1.e4 c5 2.c3 Nf6 3.e5 Nd5 4.d4 cxd4 5.Nf3 Nc6 6.cxd4 d6 7.Bc4 Nb6 8.Bb5 Bd7
9.exd6 e6 10.Nc3 Bxd6 11.O-O O-O 12.d5 exd5 13.Nxd5 Nxd5 14.Qxd5 Be6 15.Qd2 Qc7
16.Bxc6 Qxc6 17.Nd4 Qc7 18.Nxe6 Bxh2+ 19.Kh1 fxe6 20.Qe2 Qe5 21.Qxe5 Bxe5
22.Be3 b6 23.Rab1 Rac8 24.f4 Bf6 25.Rfc1 e5 26.fxe5 Bxe5 27.b3 Rce8 28.Rf1 Rxf1+
29.Rxf1 Bd6 30.Rd1 Bg3 31.Rd3 h6 32.Bg1 Bf4 33.Rd4 Bg5 34.Rd7 Re7 35.Rxe7 Bxe7
36.Kh2 Bc5 37.Bxc5 bxc5 38.Kg3 Kf7 39.Kf3 Kf6 40.Kf4 g6 41.a3 a5 42.g3 h5
43.Ke4 Ke6 44.Kf4 Kd5 45.Kg5 Ke4 46.Kxg6 Kf3 47.Kxh5 Kxg3 48.Kg6 Kf4 49.Kf6 Ke4
50.Ke6 Kd4 51.Kd6 c4 52.bxc4 Kxc4 53.a4 Kb4 54.Kd5 Ka3 55.Kc4 Kxa4 56.Kc3  1/2-1/2

[Event "11th Liberec Open"]
[Site "Liberec CZE"]
[Date "2010.10.30"]
[Round "9"]
[White "Scerba,J"]
[Black "Eriksson,C"]
[Result "0-1"]
[WhiteElo "1913"]
[BlackElo "2152"]

1.e4 c5 2.c3 Nf6 3.e5 Nd5 4.d4 cxd4 5.Qxd4 e6 6.Nf3 Nc6 7.Qg4 Qc7 8.Bf4 Nxf4
9.Qxf4 f6 10.Qc4 fxe5 11.Be2 d5 12.Qh4 Qf7 13.O-O Qf6 14.Qa4 Bd7 15.Bb5 Bc5
16.b4 Bb6 17.c4 e4 18.cxd5 exd5 19.Nfd2 Qxa1 20.Bxc6 bxc6 21.Qb3 Qd4  0-1

[Event "WY Boys-U14"]
[Site "Porto Carras GRE"]
[Date "2010.10.30"]
[Round "11.1"]
[White "Boruchovsky,A"]
[Black "Izzat,Kanan Azar oglu"]
[Result "0-1"]
[WhiteElo "2250"]
[BlackElo "2139"]

1.e4 c5 2.c3 Nf6 3.e5 Nd5 4.d4 cxd4 5.cxd4 d6 6.Nf3 Nc6 7.Bc4 Nb6 8.Bb5 dxe5
9.Nxe5 Bd7 10.Nxd7 Qxd7 11.Nc3 Rd8 12.O-O e6 13.Bg5 f6 14.Be3 Be7 15.Qb3 O-O
16.Rfd1 Qd6 17.a3 Na5 18.Qa2 Nd5 19.Nxd5 exd5 20.Rac1 f5 21.Bd2 Qb6 22.Be2 Nb3
23.Rc3 Nxd2 24.Rxd2 Bd6 25.Rd1 Bb8 26.Rc5 Qh6 27.g3 Kh8 28.Rxd5 Rde8 29.Bf3 f4
30.Qb1 fxg3 31.Rh5 Re1+ 32.Kg2 gxf2 33.Rxe1 fxe1=N+ 34.Qxe1 Qg6+  0-1

[Event "Chigorin Mem Classic Open"]
[Site "St Petersburg RUS"]
[Date "2010.10.30"]
[Round "3"]
[White "Khantuev,A"]
[Black "Papin,V"]
[Result "1/2-1/2"]
[WhiteElo "2322"]
[BlackElo "2534"]

1.e4 c5 2.c3 Nf6 3.e5 Nd5 4.d4 cxd4 5.Nf3 d6 6.Qxd4 e6 7.exd6 Qxd6 8.Na3 Nc6
9.Qe4 Be7 10.Bd3 Qd8 11.Nc4 Nb8 12.Nce5 Nd7 13.h4 Nc5 14.Bb5+ Kf8 15.Qe2 a6
16.Bc4 b5 17.Nc6 Qd6 18.Bxd5 Qxd5 19.Nxe7 Kxe7 20.O-O Bb7 21.Rd1 Qf5 22.Ne5  1/2-1/2

[Event "14th OIBM"]
[Site "Bad Wiessee GER"]
[Date "2010.10.31"]
[Round "2.13"]
[White "Becker,T2"]
[Black "Zhigalko,A"]
[Result "0-1"]
[WhiteElo "2154"]
[BlackElo "2580"]

1.e4 c5 2.c3 Nf6 3.e5 Nd5 4.g3 Qc7 5.Nf3 e6 6.Bg2 Nc6 7.Qe2 g5 8.Nxg5 Qxe5
9.d3 Be7 10.Ne4 b6 11.Na3 Bb7 12.O-O O-O-O 13.Nb5 f5 14.d4 cxd4 15.cxd4 Nxd4
16.Qc4+ Kb8 17.Qxd4 Qxd4 18.Nxd4 fxe4 19.Bxe4 Bf6 20.Rd1 Nc3 21.bxc3 Bxe4
22.Re1 Bd5 23.Bf4+ Ka8 24.Be5 Bxe5 25.Rxe5 Rc8 26.Re3 Rc4 27.a4 a6 28.f4 Rhc8
29.Ra3 Kb7 30.g4 Rf8 31.f5 Rg8 32.h3 h5 33.fxe6 dxe6 34.Nxe6 hxg4 35.Nd4 gxh3+
36.Kh2 Rg2+ 37.Kxh3 Rc7 38.Nf3 Rcg7  0-1

[Event "Chigorin Mem Classic Open"]
[Site "St Petersburg RUS"]
[Date "2010.10.31"]
[Round "4"]
[White "Solovjov,S"]
[Black "Epishin,V"]
[Result "1/2-1/2"]
[WhiteElo "2394"]
[BlackElo "2594"]

1.e4 c5 2.c3 Nf6 3.e5 Nd5 4.d4 cxd4 5.Nf3 e6 6.cxd4 b6 7.Nc3 Bb7 8.Bd3 Be7
9.O-O O-O 10.Ne4 f5 11.exf6 Nxf6 12.Nxf6+ Bxf6 13.Ne5 Qe8 14.Qg4 Nc6 15.Re1 Bxe5
16.dxe5 Ne7 17.Bg5 Nf5 18.h4 Rc8 19.Rac1 Qf7 20.Rxc8 Rxc8 21.Rc1 Rxc1+ 22.Bxc1 Qf8
23.Bxf5 Qxf5 24.Qxf5 exf5  1/2-1/2

[Event "20th World Seniors"]
[Site "Arco ITA"]
[Date "2010.11.01"]
[Round "6"]
[White "Mombelli,A"]
[Black "Pipitone,A"]
[Result "1-0"]
[WhiteElo "1828"]
[BlackElo "2048"]

1.e4 c5 2.c3 Nf6 3.e5 Nd5 4.Nf3 Nc6 5.Bc4 e6 6.O-O Nb6 7.Bb3 d5 8.exd6 Bxd6
9.d4 cxd4 10.Nxd4 O-O 11.Nxc6 bxc6 12.Nd2 Nd5 13.Ne4 Be7 14.Qe2 a5 15.Rd1 Qc7
16.Bg5 Bxg5 17.Nxg5 h6 18.Nf3 Ba6 19.Qe5 Qc8 20.Re1 Bb7 21.Nd4 c5 22.Nb5 Qc6
23.Bxd5 exd5 24.Nd6 Rab8 25.Nxb7 Rxb7 26.b3 Rd8 27.Red1 Kf8 28.Rd2 Re7 29.Qg3 Rde8
30.f3 Re3 31.Rad1 R8e5 32.Qh4 f6 33.f4 Re8 34.Rxd5 Rxc3 35.Qg4 Rc2 36.Rd7 g5
37.Qh3 Qe6  1-0

[Event "20th World Seniors"]
[Site "Arco ITA"]
[Date "2010.11.03"]
[Round "8"]
[White "Welz,P"]
[Black "Hammar,B"]
[Result "0-1"]
[WhiteElo "2156"]
[BlackElo "2240"]

1.e4 c5 2.c3 Nf6 3.d3 Nc6 4.f4 g6 5.Nf3 Bg7 6.g3 O-O 7.Bg2 b5 8.a3 a5 9.Be3 d6
10.h3 Ba6 11.Nbd2 b4 12.Qc2 bxc3 13.bxc3 a4 14.O-O Qa5 15.g4 Rfc8 16.Nc4 Bxc4
17.dxc4 Nd7 18.Rac1 Rab8 19.Nd2 Rb6 20.Qd3 Nf8 21.h4 Rb2 22.h5 Nd4 23.h6 Bh8
24.Rf2 Nb3 25.Nxb3 Rxb3 26.e5 Rd8 27.e6 Nxe6 28.f5 Nf8 29.Bd5 e6 30.fxe6 Nxe6
31.Rcf1 Qxc3 32.Rxf7 Qxd3 33.Rf8+ Rxf8 34.Bxe6+ Rf7 35.Bxf7+ Kf8 36.Bxg6+ Ke7
37.Bg5+ Kd7 38.Bxd3 Rxd3 39.Rf7+ Kc6 40.Bd8 d5 41.Rxh7 Bd4+ 42.Kg2 dxc4 43.g5 c3
44.g6 c2 45.Rc7+ Kd6 46.Bg5 Be3  0-1

[Event "VII Open"]
[Site "Figueira da Foz POR"]
[Date "2010.11.03"]
[Round "5.19"]
[White "Redondo Arguelles,Gr"]
[Black "Pais,B"]
[Result "0-1"]
[WhiteElo "2103"]
[BlackElo "1697"]

1.e4 c5 2.c3 Nf6 3.d3 g6 4.Nf3 Bg7 5.Be2 Nc6 6.Nbd2 d6 7.O-O O-O 8.Qc2 Qc7
9.a3 b6 10.d4 d5 11.dxc5 bxc5 12.exd5 Nxd5 13.Bc4 Nb6 14.Bd3 Bb7 15.b3 Ne5
16.Nxe5 Bxe5 17.h3 Nd5 18.Bb2 Nf4 19.Be4 f5 20.Bxb7 Qxb7 21.f3 Nd5 22.Nc4 Bf4
23.Bc1 Qc7 24.Bxf4 Qxf4 25.Rfe1 Qg3 26.Qf2 Qc7 27.Re5 Rad8 28.Rae1 Rfe8 29.h4 e6
30.Rxe6 Rxe6 31.Rxe6 Nxc3 32.Qe1 Rd1  0-1

[Event "Chigorin Mem Classic Open"]
[Site "St Petersburg RUS"]
[Date "2010.11.03"]
[Round "7"]
[White "Khantuev,A"]
[Black "Sokolova,V"]
[Result "1-0"]
[WhiteElo "2322"]
[BlackElo "2022"]

1.e4 c5 2.c3 Nf6 3.e5 Nd5 4.Nf3 Nc6 5.Bc4 e6 6.O-O d6 7.d4 cxd4 8.cxd4 Be7
9.Qe2 O-O 10.Nc3 Nxc3 11.bxc3 dxe5 12.dxe5 Qa5 13.Qe4 Qa4 14.Rb1 Na5 15.Rb4 Bxb4
16.Bd3 g6 17.cxb4 Nc6 18.a3 a5 19.Qh4 f6 20.exf6 Nd8 21.Ng5 Qd7 22.Bb5 Nc6
23.Bb2 axb4 24.f7+ Rxf7 25.Nxf7 Qxf7 26.Bxc6 bxc6 27.Ba1 bxa3 28.Qd4 Kf8
29.Qd8+ Qe8 30.Qd6+ Qe7 31.Qe5 Qf7 32.Rd1 Bb7 33.Bd4 Ke8 34.Bc5 Qg8 35.Qf6  1-0

[Event "Chigorin Mem Classic Open"]
[Site "St Petersburg RUS"]
[Date "2010.11.04"]
[Round "8"]
[White "Solovjova,V"]
[Black "Zhilchikov,N"]
[Result "1/2-1/2"]
[WhiteElo "2253"]
[BlackElo "2060"]

1.e4 c5 2.c3 Nf6 3.e5 Nd5 4.d4 e6 5.Nf3 Nc6 6.Bc4 cxd4 7.cxd4 Bb4+ 8.Bd2 Qb6
9.Bxd5 exd5 10.O-O O-O 11.Nc3 Ne7 12.a3 Bxc3 13.Bxc3 a5 14.Qd2 Qd8 15.Rfe1 b6
16.b4 Nc6 17.bxa5 bxa5 18.Qa2 Ne7 19.Bd2 h6 20.Bf4 Bb7 21.Qd2 Nf5 22.Rab1 Bc6
23.g4 Nh4 24.Rb3 Rb8 25.Rc3 Rb6 26.Bxh6 Nxf3+ 27.Rxf3 Qh4 28.Bg5 Qh7 29.Qf4 Rb1
30.Rxb1 Qxb1+ 31.Kg2 Bb5 32.Be7 Qf1+ 33.Kg3 Qg1+ 34.Kh4 Be2 35.Re3 Re8 36.Rxe2 Rxe7
37.g5 Re6 38.Qg3 Qd1 39.Qe3 a4 40.Rb2 Qg1 41.Qg3 Qd1 42.Qg4 Qh1 43.Rb8+ Kh7
44.Qf5+ Rg6 45.Kg3 Qg1+ 46.Kf3 Qxh2 47.Ke3 Qh4 48.Qf4 Qh1 49.Rc8 Qh3+ 50.Qf3 Qh4
51.Qf4  1/2-1/2

[Event "Chigorin Mem Classic Open"]
[Site "St Petersburg RUS"]
[Date "2010.11.04"]
[Round "8"]
[White "Lakerbaya,T"]
[Black "Pischikov,V"]
[Result "1/2-1/2"]
[WhiteElo "2134"]
[BlackElo "2041"]

1.e4 c5 2.c3 Nf6 3.e5 Nd5 4.Nf3 d6 5.exd6 Qxd6 6.Bb5+ Nc6 7.O-O e6 8.d4 Bd7
9.Re1 cxd4 10.Bxc6 Bxc6 11.Nxd4 Be7 12.Na3 O-O 13.Nc4 Qc7 14.Nxc6 Qxc6 15.Ne5 Qc7
16.Qe2 Rac8 17.c4 Nf6 18.b3 Bd6 19.Bb2 Rfd8 20.Rad1 Bb4 21.Rf1 Qe7 22.Qf3 Rxd1
23.Rxd1 Rd8 24.Nd3 Bd6 25.g3 e5 26.Nxe5 Re8 27.Ng4 Ne4 28.Ne3 Bc5 29.Kg2 Nxf2
30.Nf5 Qg5 31.Rd7 Ng4 32.Nxg7 Ne3+ 33.Kh1 Qg6 34.Nxe8 Qb1+ 35.Rd1 Nxd1 36.Nf6+ Kg7
37.Nd7+ Kg8 38.Nf6+ Kf8  1/2-1/2

[Event "20th World Seniors"]
[Site "Arco ITA"]
[Date "2010.11.05"]
[Round "10"]
[White "Welz,P"]
[Black "Busu,C"]
[Result "1/2-1/2"]
[WhiteElo "2156"]
[BlackElo "2305"]

1.e4 c5 2.c3 Nf6 3.d3 d5 4.e5 Nfd7 5.f4 Nc6 6.Nf3 Nb6 7.g3 Bg4 8.h3 Bxf3
9.Qxf3 e6 10.Bg2 Be7 11.O-O O-O 12.Na3 d4 13.c4 Rb8 14.Bd2 Nd7 15.Rae1 Qb6
16.b3 Qa6 17.Bc1 Qa5 18.Re2 a6 19.h4 Qc7 20.Bh3 Nd8  1/2-1/2

[Event "Magistral Barcelona"]
[Site "Barcelona ESP"]
[Date "2010.11.05"]
[Round "2"]
[White "Cuartas,Ja"]
[Black "Salgado Lopez,I"]
[Result "0-1"]
[WhiteElo "2534"]
[BlackElo "2602"]

1.e4 c5 2.c3 Nf6 3.e5 Nd5 4.d4 cxd4 5.Nf3 e6 6.cxd4 d6 7.Bc4 Nc6 8.Bxd5 exd5
9.exd6 Bxd6 10.h3 Qe7+ 11.Be3 f6 12.Nc3 Be6 13.O-O O-O 14.Qd2 g5 15.Nh2 Rae8
16.Rfe1 Qg7 17.Nf1 f5 18.f3 f4 19.Bf2 h5 20.Nh2 Bf7 21.Rac1 Be7 22.a3 Bd8
23.Na4 Bf6 24.Rxe8 Rxe8 25.Rd1 b6 26.b4 Ne7 27.Nf1 Nf5 28.Nc3 Nd6 29.h4 Nc4
30.Qc1 Qh6 31.hxg5 Qxg5 32.Re1 Rxe1 33.Qxe1 Nxa3 34.Qa1 Nc2 35.Qxa7 Nxd4
36.Nd2 h4 37.Kh2 Nf5 38.Nde4 dxe4 39.Nxe4 Qg6 40.Qxb6 Be5 41.Qd8+ Kg7 42.Bc5 Kh6
43.b5 h3 44.gxh3 Ne3 45.Qh4+ Kg7 46.Qg5 Qxg5 47.Nxg5 Bd5 48.b6 Nf5 49.Kg2 Kg6
50.Ne4 Nh4+ 51.Kf2 Nxf3 52.Nd6 Bxd6 53.Bxd6 Kf5 54.Be7 Ng5 55.h4 Nh3+ 56.Ke1 Kg4
57.Kd2 f3 58.Bc5 Kxh4 59.Kc3 Kg3 60.Be3 Bb7 61.Kd4 Nf4 62.Ke5 Nd5 63.Bc5 f2
64.Bxf2+ Kxf2 65.Kd6 Ke3  0-1

[Event "Frauenbundesliga 1st Div 2010-11"]
[Site "Germany GER"]
[Date "2010.11.06"]
[Round "1.4"]
[White "Kiefhaber,V"]
[Black "Winkelmann,E"]
[Result "1-0"]
[WhiteElo "2242"]
[BlackElo "2106"]

1.e4 c5 2.c3 Nf6 3.e5 Nd5 4.Nf3 Nc6 5.Bc4 Nb6 6.Bb3 d5 7.exd6 Qxd6 8.Na3 Be6
9.d4 cxd4 10.Nb5 Qd7 11.Bxe6 Qxe6+ 12.Be3 Rc8 13.Nbxd4 Nxd4 14.Nxd4 Qd7 15.Qe2 Nc4
16.Bf4 f6 17.O-O Kf7 18.Rad1 e5 19.Nf3 Qf5 20.Bc1 Be7 21.b3 Nb6 22.c4 Rhd8
23.Nh4 Qe6 24.Qe4 Rxd1 25.Rxd1 Rc7 26.Qxh7 Qg4 27.Nf3 Rd7 28.Rxd7 Qxd7 29.Qc2 Bc5
30.Bb2 Qd6 31.h4 Bb4 32.h5 Nd7 33.Bc1 e4 34.Nh4 Qe5 35.Be3 Bd6 36.g3 a6 37.Qd1 Qe6
38.h6 gxh6 39.Qh5+ Ke7 40.Qxh6 Kd8 41.Qh5 Kc7 42.Qa5+ Kc8 43.Qf5 Qe5 44.Kg2 Kc7
45.Qh7 Qe6 46.Nf5 Be5 47.Ne7 Qg4 48.Nd5+ Kc6 49.Kh2 b5 50.Nf4 Qf3 51.Qf7 Qd1
52.Qe6+ Qd6 53.Qf5 Nc5 54.b4  1-0

[Event "TCh-FIN 2010-11"]
[Site "Helsinki FIN"]
[Date "2010.11.06"]
[Round "3.8"]
[White "Laakso,H"]
[Black "Penttinen,J"]
[Result "1/2-1/2"]
[WhiteElo "2202"]
[BlackElo "2277"]

1.e4 c5 2.c3 Nf6 3.e5 Nd5 4.d4 cxd4 5.Nf3 Nc6 6.cxd4 d6 7.exd6 Qxd6 8.Nc3 e6
9.Bd3 Be7 10.O-O Nxc3 11.bxc3 Bd7 12.Re1 Rc8 13.Bd2 O-O 14.Qe2 Rfe8 15.h4 f5
16.g3 Bf6 17.Bf4 Qa3 18.Rac1 Nd8 19.Bb5 Re7 20.Bxd7 Rxd7 21.Qd2 Rc6 22.Be5 Nf7
23.Rc2 Qa5 24.Qc1 Qd5 25.Qf4 Qa5 26.Qc1 Qd5 27.Qf4 Qa5  1/2-1/2